| 000 | 01342nam a2200349 i 4500 | ||
|---|---|---|---|
| 001 | 61945 | ||
| 003 | Mx-PuUPA | ||
| 005 | 20260430110637.0 | ||
| 008 | 150107s2003 xx gr 001 0bspa d | ||
| 017 | _aB. 35.299-2003 | ||
| 020 | _a8441319529 | ||
| 040 |
_aMx-PuUPA _bspa _cMx-PuUPA _dMx-PuUPA _erda |
||
| 041 | 1 |
_aspa _hita |
|
| 100 | 1 |
_aLubich, Gino, _d1918-1993 _eautor _918002 |
|
| 240 | 1 | 3 |
_aLa vita raccontata di Papa Giovanni. _lEspañol |
| 245 | 1 | 0 |
_aVida de Juan XXIII : _bel «Papa Extramuros» / _cGino Lubich ; traducción, José Lozano |
| 250 | _aEdición especial | ||
| 264 | 1 |
_a[lugar de publicación no identificado] : _bEdiciones Folio, _c©2003 |
|
| 300 |
_a214 páginas ; _c21 cm. |
||
| 336 |
_atexto _2rdacontent _btxt |
||
| 337 |
_asin medio _2rdamedia _bn |
||
| 338 |
_avolumen _2rdamedia _bnc |
||
| 600 | 1 | 4 |
_aJuan XXIII _cPapa _d1881-1963 |
| 600 | 1 | 4 |
_aJuan XXIII _d1881-1963 _cPapa Santo _vBiografía |
| 600 | 1 | 4 |
_aJuan XXIII _cPapa _cBeato _vBiografía |
| 650 | 7 |
_2armarc _aPapas _xActividad política _xHistoria _zSiglo XX |
|
| 700 | 1 |
_aLozano, José, _etraductor |
|
| 765 | 0 |
_aLubich, Gino, _tLa vita raccontata di Papa Giovanni _d[lugar de publicación no identificado] : Città Nuova Editrice, ©1965 |
|
| 942 |
_2ddc _cLI _h282.092 _iL2618 |
||
| 999 |
_c61945 _d61945 |
||